[Event "N4 Cahors-Colomiers"]
[Site "Colomiers"]
[Date "2006.12.01"]
[Round "4.1"]
[White "Thamier, Stephan"]
[Black "Hantisse, Alain"]
[Result "1-0"]
[WhiteElo "1910"]
[BlackElo "1990"]
[EventDate "2006.??.??"]
[PlyCount "61"]

1.e4 c6 2.d4 d5 3.e5 Bf5 4.Bd3 Bxd3 5.Qxd3 e6 6.Ne2 Ne7 7.Bg5 Qc7 8.O-O c5
9.c3 Nec6 10.f4 cxd4 11.cxd4 Be7 12.Bxe7 Nxe7 13.Nbc3 a6 14.Rac1 Nbc6 15.
a3 Qb6 16.Na4 Qb5 17.Qxb5 axb5 18.Nc5 b6 19.Nb7 O-O 20.Nd6 Na5 21.Nxb5 Nc4
22.b3 Nxa3 23.Nd6 Nc8 24.Rc6 Nxd6 25.exd6 Rab8 26.Rfc1 Nb5 27.d7 Na7 28.
Rc7 Nb5 29.Rc8 Nd6 30.Rxb8 Rxb8 31.Rc6 1-0

[Event "N4 Auch-EVT"]
[Site "Villeneuve-Tolosane"]
[Date "2006.12.01"]
[Round "4"]
[White "Verges, Jean"]
[Black "Breton, Yves"]
[Result "0-1"]
[WhiteElo "1800"]
[BlackElo "1900"]
[EventDate "2006.??.??"]
[PlyCount "63"]

1.Nf3 d5 2.c4 e6 3.e3 Nf6 4.Nc3 Be7 5.d4 O-O 6.Bd3 dxc4 7.Bxc4 a6 8.Bb3 b5
9.O-O Bb7 10.Qe2 Nbd7 11.Rd1 Nb6 12.Bd2 Qd6 13.e4 Qd8 14.Bc2 b4 15.Nb1 a5 
16.Bd3 c5 17.e5 Nfd7 18.Be3 Nd5 19.Qc2 h6 20.Nbd2 Rc8 21.Nc4 Nxe3 22.fxe3 
cxd4 23.Bh7+ Kh8 24.Qd3 Ba6 25.b3 Bxc4 26.bxc4 Nb6 27.exd4 Nxc4 28.Qe4 Qb6
29.Rd3 Nb2 30.Rd2 Na4 31.g4 Rc3 32.Rf2 0-1

[Event "N4 Auch-EVT"]
[Site "Villeneuve-Tolosane"]
[Date "2006.12.01"]
[Round "4"]
[White "Taieb, Marcel"]
[Black "Blondelon, Paul"]
[Result "1-0"]
[WhiteElo "1670"]
[BlackElo "1470"]
[EventDate "2006.??.??"]
[PlyCount "77"]

1.d4 Nf6 2.c4 g6 3.Bg5 Bg7 4.Nc3 d6 5.e3 O-O 6.Qc2 c5 7.Nf3 Nc6 8.a3 Bd7 
9.Bd3 Qc8 10.d5 Ne5 11.Nxe5 dxe5 12.h4 h5 13.Bxf6 Bxf6 14.Ne4 Bg7 15.Ng5 
Bf5 16.Bxf5 Qxf5 17.Qxf5 gxf5 18.e4 f4 19.Rg1 Rad8 20.Rb1 Rd6 21.g3 fxg3 
22.Rxg3 Rg6 23.Ke2 Bf6 24.Rbg1 Bxg5 25.Rxg5 Kg7 26.R1g3 Rxg5 27.Rxg5+ Kf6 
28.Rf5+ Kg6 29.Rxe5 Kf6 30.f4 Rg8 31.Rg5 Rxg5 32.fxg5+ Ke5 33.Ke3 a5 34.a4
e6 35.dxe6 fxe6 36.b3 b6 37.Kf3 Kd6 38.Kf4 Ke7 39.Ke5 1-0

[Event "N4 Auch-EVT"]
[Site "Villeneuve-Tolosane"]
[Date "2006.12.01"]
[Round "4"]
[White "Solirene, Christophe"]
[Black "Saubiette, Cyrille"]
[Result "0-1"]
[WhiteElo "1499"]
[BlackElo "1730"]
[EventDate "2006.??.??"]
[PlyCount "127"]

1.d4 Nf6 2.c4 e5 3.d5 Bc5 4.Bg5 Bxf2+ 5.Kxf2 Ne4+ 6.Ke1 Nxg5 7.Qd3 d6 8.h4
Ne6 9.dxe6 Bxe6 10.e4 Nd7 11.b3 O-O 12.Nc3 Nc5 13.Qe3 f5 14.Bd3 c6 15.Nf3 
Qa5 16.Kd2 f4 17.Qe1 Bg4 18.Kc2 Ne6 19.Ne2 Qc7 20.Kb2 a5 21.Nc3 Nc5 22.Bc2
Rf6 23.a4 Qb6 24.Rd1 Rd8 25.Rd2 Be6 26.Qe2 Qc7 27.Rhd1 Bg4 28.Qf2 Ne6 29.
Ne2 Bh5 30.Ka2 c5 31.Kb2 Nd4 32.Nexd4 cxd4 33.Rh1 Qb6 34.Bd3 Qb4 35.Rc2 
Rg6 36.Rg1 b6 37.Rcc1 Rg3 38.Rc2 Rf8 39.Be2 Rf6 40.Qe1 Qc5 41.Rd2 Be8 42.
Rd3 Rfg6 43.Ng5 Rxd3 44.Bxd3 h6 45.Nf3 Rg3 46.Qf2 Qb4 47.Rc1 Bxa4 48.Qc2 
Bd7 49.Ka2 g5 50.hxg5 hxg5 51.Qf2 a4 52.Qb2 axb3+ 53.Qxb3 Rxg2+ 54.Rc2 
Qxb3+ 55.Kxb3 Rg3 56.Ne1 Re3 57.Re2 Rh3 58.Rg2 g4 59.Kc2 g3 60.Be2 Rh1 61.
Kd2 Bh3 62.Bf3 Bxg2 63.Bxg2 Rh2 64.Kd3 0-1

[Event "N4 Auch-EVT"]
[Site "Villeneuve-Tolosane"]
[Date "2006.12.01"]
[Round "4"]
[White "Saubiette, Jean-Michel"]
[Black "Pokee, Michele"]
[Result "1-0"]
[WhiteElo "1770"]
[BlackElo "1310"]
[EventDate "2006.??.??"]
[PlyCount "67"]

1.e4 e5 2.Nf3 Nc6 3.d4 exd4 4.Nxd4 Bc5 5.Be3 Bb6 6.Nc3 d6 7.Bb5 Bd7 8.O-O 
Nge7 9.Qd2 O-O 10.f4 Nxd4 11.Bxd4 c6 12.Bc4 Bxd4+ 13.Qxd4 Qb6 14.Qxb6 axb6
15.Rad1 Nc8 16.a3 Be6 17.Be2 f5 18.g3 fxe4 19.Nxe4 d5 20.Ng5 Bf5 21.Rd2 
Nd6 22.c4 Nxc4 23.Bxc4 dxc4 24.Re1 Rae8 25.Rde2 Rxe2 26.Rxe2 h6 27.Ne4 Bg4
28.Rd2 Re8 29.Nd6 Rd8 30.Nxc4 Rxd2 31.Nxd2 Kf7 32.Nc4 c5 33.Ne5+ Kf6 34.
Nxg4+ 1-0

[Event "N4 Auch-EVT"]
[Site "Villeneuve-Tolosane"]
[Date "2006.12.01"]
[Round "4"]
[White "Pokee, Anne"]
[Black "Cesbron, Guy"]
[Result "0-1"]
[WhiteElo "2021"]
[BlackElo "2135"]
[EventDate "2006.??.??"]
[PlyCount "46"]

1.e4 c5 2.Nf3 e6 3.c3 d5 4.exd5 exd5 5.Bb5+ Bd7 6.Bxd7+ Qxd7 7.O-O Nc6 8.
d4 Bd6 9.Be3 cxd4 10.Bxd4 Nxd4 11.Qxd4 Ne7 12.Qxg7 Rg8 13.Qd4 O-O-O 14.Kh1
Rxg2 15.Kxg2 Rg8+ 16.Ng5 Rxg5+ 17.Kf3 Qh3+ 18.Ke2 Re5+ 19.Qxe5 Bxe5 20.Nd2
Ng6 21.Rae1 Qg4+ 22.Kd3 Qf5+ 23.Ke2 Qc2 0-1

[Event "N4 Auch-EVT"]
[Site "Villeneuve-Tolosane"]
[Date "2006.12.01"]
[Round "4"]
[White "Devecchi, Jorge"]
[Black "Garcia Del Prado, Bruno"]
[Result "0-1"]
[WhiteElo "1630"]
[BlackElo "1760"]
[EventDate "2006.??.??"]
[PlyCount "89"]

1.f4 d6 2.Nf3 Nc6 3.d4 Bf5 4.Nc3 Nf6 5.a3 g6 6.e3 d5 7.Bd3 Qd7 8.Qe2 Bg7 
9.O-O h5 10.h3 h4 11.Bd2 Ne4 12.Be1 Bf6 13.Bxe4 Bxe4 14.Nxe4 dxe4 15.Nd2 
Qf5 16.Rb1 e6 17.b4 b5 18.Nb3 Be7 19.Nc5 a6 20.Rd1 Qd5 21.c4 Qxc4 22.Qxc4 
bxc4 23.Rc1 Bxc5 24.dxc5 f5 25.Bc3 Rh7 26.Rfd1 Rd8 27.Bd4 Na7 28.a4 Rhd7 
29.Rxc4 Nc6 30.b5 axb5 31.axb5 Na5 32.Rb4 Rd5 33.Ra1 Nb7 34.b6 cxb6 35.
cxb6 R8d7 36.Rc4 Nd6 37.Ra7 {??} 37...Nxc4 38.b7 Rd8 39.Ra8 Rb5 40.Bf6 
Rxb7 41.Bxd8 Kf7 42.Bxh4 Nxe3 43.Bf2 Nd5 44.Ra7 Rxa7 45.Bxa7 0-1

[Event "N4 Auch-EVT"]
[Site "Villeneuve-Tolosane"]
[Date "2006.12.01"]
[Round "4"]
[White "Alonso, Jesus"]
[Black "Rouede, Gilbert"]
[Result "1-0"]
[WhiteElo "1830"]
[BlackElo "1822"]
[EventDate "2006.??.??"]
[PlyCount "41"]

1.e4 c5 2.Nf3 d6 3.d4 cxd4 4.Nxd4 Nf6 5.Bd3 e5 6.Nb3 Be6 7.Nc3 a6 8.Bg5 
Nbd7 9.f4 exf4 10.Bxf4 Be7 11.Nd4 Rc8 12.Nxe6 fxe6 13.Qe2 Qb6 14.O-O-O e5 
15.Bg5 Qa5 16.Bc4 b5 17.Be6 b4 18.Nb1 Rc7 19.Nd2 Qa4 20.Nc4 Qxa2 21.Nxd6+ 
1-0

[Event "N4 Ste Foy-Castres"]
[Site "Castres"]
[Date "2006.12.03"]
[Round "6"]
[White "Vialaret, Laurent"]
[Black "Martinez, Loic"]
[Result "0-1"]
[WhiteElo "2083"]
[BlackElo "1870"]
[EventDate "2006.??.??"]
[PlyCount "72"]

1.d4 Nf6 2.Nc3 d5 3.e4 dxe4 4.f3 Bf5 5.g4 Bg6 6.g5 Nd5 7.Nxe4 c6 8.c4 Nb6 
9.Be3 e6 10.Qd2 a5 11.O-O-O Bb4 12.Qf2 N6d7 13.c5 Bxe4 14.fxe4 a4 15.Bc4 
a3 16.b3 b5 17.Bd3 Bc3 18.Nf3 Na6 19.e5 Bb2+ 20.Kb1 Nb4 21.g6 hxg6 22.Ng5 
Qe7 23.Qg2 O-O-O 24.Ne4 Kc7 25.Bd2 Nxd3 26.Ba5+ Kb8 27.Nd6 N3xe5 28.dxe5 
Nxe5 29.Rhe1 Rxd6 30.cxd6 Qd7 31.Bc7+ Kb7 32.Qf2 Ra8 33.Qb6+ Kc8 34.Re3 f6
35.Rd2 Nf7 36.Rxe6 Ne5 0-1

[Event "N4 Ste Foy-Castres"]
[Site "Castres"]
[Date "2006.12.03"]
[Round "6"]
[White "Stas, Jean"]
[Black "Varinois, Arnaud"]
[Result "1-0"]
[WhiteElo "1550"]
[BlackElo "1599"]
[EventDate "2006.??.??"]
[PlyCount "90"]

1.d4 Nf6 2.Bg5 g6 3.Bxf6 exf6 4.g3 Bg7 5.Bg2 O-O 6.e3 f5 7.Ne2 c6 8.Nd2 d5
9.Nf4 Re8 10.c3 b5 11.Nd3 a5 12.a3 Nd7 13.O-O Ba6 14.Qc2 Rb8 15.b4 a4 16.
Rfe1 Nf6 17.Nc5 Bc8 18.Re2 Ne4 19.f3 Nxc5 20.bxc5 Qf6 21.Rae1 g5 22.e4 Be6
23.exd5 cxd5 24.f4 gxf4 25.Nf1 fxg3 26.Nxg3 Red8 27.Rf1 Qh4 28.Ref2 Bxd4 
29.cxd4 Qxd4 30.Kh1 Rbc8 31.Nxf5 Qxc5 32.Nh6+ Kh8 33.Qxc5 Rxc5 34.Rxf7 
Rcc8 35.Re7 Bg8 36.Nf7+ Bxf7 37.Rfxf7 Rc1+ 38.Bf1 d4 39.Rxh7+ Kg8 40.Reg7+
Kf8 41.Rf7+ Kg8 42.Rhg7+ Kh8 43.Rg3 Rcc8 44.Kg2 Rd5 45.Bd3 Rh5 1-0

[Event "N4 Ste Foy-Castres"]
[Site "Castres"]
[Date "2006.12.03"]
[Round "6"]
[White "Rosiere, Guy"]
[Black "Ajdari, Emmanuel"]
[Result "1/2-1/2"]
[WhiteElo "1480"]
[BlackElo "1485"]
[EventDate "2006.??.??"]
[PlyCount "95"]

1.e4 c5 2.Nf3 e6 3.d4 cxd4 4.Nxd4 Qb6 5.c3 a6 6.Qc2 Nc6 7.Be3 Qc7 8.Nf3 
Nf6 9.Nbd2 d5 10.Bd3 Bd6 11.g3 O-O 12.Bg5 Nd7 13.exd5 exd5 14.Bxh7+ Kh8 
15.Bd3 Re8+ 16.Be3 Bc5 17.O-O-O Bxe3 18.fxe3 Rxe3 19.Rde1 Rxe1+ 20.Rxe1 
Nf6 21.Qa4 Bg4 22.Nd4 Rc8 23.Be2 b5 24.Qxa6 Bxe2 25.Qxc6 Qxc6 26.Nxc6 Bg4 
27.Ne5 Be6 28.a3 d4 29.Kc2 dxc3 30.bxc3 Nd5 31.c4 bxc4 32.Nexc4 Nb6 33.Re4
Nxc4 34.Nxc4 Rxc4+ 35.Rxc4 Bxc4 36.a4 Kh7 37.Kc3 Bd5 38.Kd4 Ba8 39.Ke5 Kg6
40.Kf4 Kf6 41.h4 g6 42.g4 Kg7 43.g5 f5 44.gxf6+ Kxf6 45.a5 Bb7 46.Kg4 Kg7 
47.Kg5 Ba6 48.h5 1/2-1/2

[Event "N4 Ste Foy-Castres"]
[Site "Castres"]
[Date "2006.12.03"]
[Round "6"]
[White "Noll, Dominik"]
[Black "Cazals, Philippe"]
[Result "1-0"]
[WhiteElo "1699"]
[BlackElo "1810"]
[EventDate "2006.??.??"]
[PlyCount "53"]

1.e4 c5 2.c3 d5 3.exd5 Qxd5 4.d4 Nf6 5.Nf3 Bg4 6.Be2 e6 7.c4 Qd7 8.Nc3 Nc6
9.d5 exd5 10.cxd5 Bxf3 11.Bxf3 Nd4 12.Be3 Nxf3+ 13.Qxf3 Be7 14.O-O-O Rc8 
15.d6 Bd8 16.g4 O-O 17.g5 Ne8 18.Qg3 Rc6 19.Bf4 a6 20.Rhe1 b5 21.Rd5 c4 
22.a3 Ba5 23.Re7 Qd8 24.Ne4 Nc7 25.Nf6+ Kh8 26.Qh4 gxf6 27.g6 1-0

[Event "N4 Ste Foy-Castres"]
[Site "Castres"]
[Date "2006.12.03"]
[Round "6"]
[White "Moreau, Emilien"]
[Black "Guillet, Yvan"]
[Result "1-0"]
[WhiteElo "1530"]
[BlackElo "1499"]
[EventDate "2006.??.??"]
[PlyCount "87"]

1.e4 e5 2.Nf3 Nc6 3.Bb5 d6 4.O-O Bg4 5.h3 Bh5 6.Re1 Nf6 7.c3 a6 8.Ba4 Be7 
9.d3 O-O 10.Nbd2 b5 11.Bc2 h6 12.Nf1 Nd7 13.Ng3 Bg6 14.Be3 Re8 15.Qd2 Nf6 
16.a4 Qd7 17.Ra2 Reb8 18.Rea1 Qd8 19.Bb3 Na5 20.Bc2 Nc6 21.Nh2 b4 22.b3 a5
23.c4 Na7 24.Rf1 c5 25.f4 Nc6 26.fxe5 dxe5 27.Bd1 Nd4 28.Bxd4 Qxd4+ 29.Kh1
Rd8 30.Be2 Bxe4 31.Rxf6 Bxf6 32.Nxe4 Be7 33.Nf3 Qd7 34.Nxe5 Qe6 35.Qf4 f5 
36.Bh5 Rf8 37.Ng3 Bg5 38.Qf2 Qxe5 39.Re2 Qf4 40.Bf3 Bh4 41.Bd5+ Kh8 42.
Qxf4 Bxg3 43.Qxg3 Ra7 44.Qf4 1-0

[Event "N4 Ste Foy-Castres"]
[Site "Castres"]
[Date "2006.12.03"]
[Round "6"]
[White "Lecureux, Yves"]
[Black "Buiten, Herman"]
[Result "0-1"]
[WhiteElo "1599"]
[BlackElo "1680"]
[EventDate "2006.??.??"]
[PlyCount "47"]

1.e4 c5 2.Nf3 Nc6 3.d4 cxd4 4.Nxd4 a6 5.Nc3 e6 6.Bc4 g6 7.O-O Bg7 8.Be3 
Nge7 9.f4 O-O 10.Qd2 b5 11.Bb3 Na5 12.f5 Nxb3 13.axb3 Nc6 14.Rad1 Bb7 15.
fxg6 fxg6 16.Rxf8+ Qxf8 17.Rf1 Qd6 18.Nxc6 Qxd2 19.Ne7+ Kh8 20.Bxd2 Rf8 
21.Bg5 Bd4+ 22.Rf2 Bxf2+ 23.Kh1 Bh4 24.g3 0-1

[Event "N4 Ste Foy-Castres"]
[Site "Castres"]
[Date "2006.12.03"]
[Round "6"]
[White "Le Doare, William"]
[Black "Lacresse, Régis"]
[Result "1-0"]
[WhiteElo "1850"]
[BlackElo "1860"]
[EventDate "2006.??.??"]
[PlyCount "99"]

1.e4 e5 2.Bc4 Nf6 3.d3 Nc6 4.Nf3 Bc5 5.c3 O-O 6.Bg5 h6 7.Bh4 d6 8.Bb3 a6 
9.Nbd2 Ba7 10.h3 b5 11.Nf1 g5 12.Qd2 Nh7 13.Bg3 Ne7 14.Ne3 Kg7 15.O-O-O f5
16.exf5 Bxf5 17.h4 g4 18.Nxe5 dxe5 19.Bxe5+ Nf6 20.Nxf5+ Nxf5 21.Qf4 Nd6 
22.h5 Kh7 23.d4 Nfe4 24.Qxg4 Qg5+ 25.Qxg5 Nxg5 26.f4 Nge4 27.Rde1 Nf2 28.
Bc2+ Kg8 29.Rh4 Nf5 30.Bxf5 Rxf5 31.Kd2 b4 32.Re2 bxc3+ 33.bxc3 Raf8 34.c4
Kh7 35.c5 Rd8 36.Rxf2 Bxc5 37.Kc3 Bf8 38.g4 Rf7 39.g5 hxg5 40.Rg4 c5 41.
Rxg5 cxd4+ 42.Kd3 Rd5 43.Rfg2 Bh6 44.Rg8 Rxe5 45.fxe5 Rf5 46.Kxd4 Rxh5 47.
e6 Rh1 48.e7 Rd1+ 49.Kc3 Rc1+ 50.Kb2 1-0

[Event "N4 Ste Foy-Castres"]
[Site "Castres"]
[Date "2006.12.03"]
[Round "6"]
[White "Carivenc, Thierry"]
[Black "Trier, Marc"]
[Result "1/2-1/2"]
[WhiteElo "1760"]
[BlackElo "1650"]
[EventDate "2006.??.??"]
[PlyCount "88"]

1.d4 Nf6 2.Nf3 g6 3.b3 Bg7 4.Bb2 O-O 5.Nbd2 d5 6.e3 Nbd7 7.Bd3 c5 8.O-O a6
9.c4 e6 10.Rc1 b6 11.Qe2 Bb7 12.Ne5 Nxe5 13.dxe5 Nd7 14.f4 f6 15.Nf3 fxe5 
16.Ng5 Qe7 17.Qg4 Rae8 18.Nxh7 e4 19.Bxg7 Kxg7 20.Nxf8 Rxf8 21.Bb1 Nf6 22.
Qg5 Qd6 23.cxd5 exd5 24.Rcd1 d4 25.exd4 cxd4 26.f5 Nh7 27.Qg4 d3 28.h4 
Qc5+ 29.Kh1 Rxf5 30.Rxf5 Qxf5 31.Qg3 Nf6 32.Qc7+ Qd7 33.Qxd7+ Nxd7 34.Kg1 
Ne5 35.g3 Kh6 36.Kf2 Ng4+ 37.Ke1 g5 38.hxg5+ Kxg5 39.Rd2 Ne5 40.Kf2 Nf3 
41.Rd1 Kg4 42.Bxd3 exd3 43.Rxd3 b5 44.Rd6 Ng5 1/2-1/2

[Event "N4 Rodez-Albi"]
[Site "Rodez"]
[Date "2006.12.03"]
[Round "6"]
[White "Tanguy, Fabien"]
[Black "Chauveau, Philippe"]
[Result "1-0"]
[WhiteElo "2070"]
[BlackElo "2043"]
[EventDate "2006.??.??"]
[PlyCount "75"]

1.g3 d5 2.Bg2 e6 3.c4 Nf6 4.cxd5 exd5 5.Nc3 c5 6.Qb3 Nc6 7.Nxd5 Nd4 8.
Nxf6+ Qxf6 9.Qd3 Bf5 10.e4 c4 11.Qb1 Bg4 12.h3 Bf3 13.Nxf3 Nxf3+ 14.Bxf3 
Qxf3 15.O-O Bd6 16.Qc2 O-O 17.Qxc4 Bxg3 18.Qc3 Qxc3 19.dxc3 Bh4 20.Rd1 
Rae8 21.Rd4 Bf6 22.Ra4 b5 23.Rxa7 Rxe4 24.Be3 h6 25.Rb7 Re5 26.a4 bxa4 27.
Rxa4 Rd8 28.Raa7 Rh5 29.Kg2 Bg5 30.Bd4 Rf8 31.b4 Bf4 32.b5 Rg5+ 33.Kf3 Bb8
34.Ra8 Rf5+ 35.Kg2 Rg5+ 36.Kf1 Bf4 37.Rxf8+ Kxf8 38.c4 1-0

[Event "N4 Rodez-Albi"]
[Site "Rodez"]
[Date "2006.12.03"]
[Round "6"]
[White "Serres, Olivier"]
[Black "Forest, Eric"]
[Result "1-0"]
[WhiteElo "1950"]
[BlackElo "1870"]
[EventDate "2006.??.??"]
[PlyCount "39"]

1.d4 d5 2.c4 e6 3.Nc3 Nf6 4.e3 Nbd7 5.cxd5 exd5 6.Nf3 c6 7.Bd3 Be7 8.O-O 
Nf8 9.e4 Bg4 10.exd5 Nxd5 11.Re1 Ne6 12.Nxd5 Qxd5 13.Be4 Qd7 14.d5 Rd8 15.
Ne5 Bxd1 16.Nxd7 cxd5 17.Bxd5 Rxd7 18.Rxd1 b6 19.Bc6 Bd6 20.Rxd6 1-0

[Event "N4 Rodez-Albi"]
[Site "Rodez"]
[Date "2006.12.03"]
[Round "6"]
[White "Schegerin, André"]
[Black "Nenert, Louis"]
[Result "1-0"]
[WhiteElo "1910"]
[BlackElo "1750"]
[EventDate "2006.??.??"]
[PlyCount "84"]

1.f4 d5 2.Nf3 c5 3.e3 Nc6 4.d4 Bg4 5.c3 e6 6.Bd3 Nf6 7.h3 Bxf3 8.Qxf3 cxd4
9.exd4 g6 10.g4 Bg7 11.Nd2 Qb6 12.Qf2 O-O-O 13.Nf3 Ne4 14.Bxe4 dxe4 15.Ng5
Rhf8 16.Be3 Qa6 17.Nxe4 b6 18.Qe2 Qb7 19.Ng3 Kb8 20.O-O-O Ka8 21.Kb1 Rd5 
22.Bc1 Ra5 23.Ne4 Rd8 24.Nd2 b5 25.Nb3 b4 26.Nxa5 Nxa5 27.cxb4 Nc6 28.d5 
exd5 29.a3 d4 30.Rhf1 Qb6 31.Qe4 a5 32.bxa5 Qb5 33.Rf3 Ka7 34.Rdd3 Nxa5 
35.Qe7+ Rd7 36.Qb4 Qa6 37.Qc5+ Ka8 38.b3 Rd8 39.Bb2 Nb7 40.Qc4 Qa7 41.Qxf7
Bf8 42.b4 Nd6 1-0

[Event "N4 Rodez-Albi"]
[Site "Rodez"]
[Date "2006.12.03"]
[Round "6"]
[White "Molinier, Bastien"]
[Black "Fabre, Philippe"]
[Result "1/2-1/2"]
[WhiteElo "1250"]
[BlackElo "1698"]
[EventDate "2006.??.??"]
[PlyCount "50"]

1.d4 Nf6 2.c4 g6 3.Nc3 Bg7 4.e3 O-O 5.Nf3 d6 6.Be2 Nbd7 7.O-O c6 8.Re1 e5 
9.Rb1 a6 10.a4 a5 11.b3 e4 12.Nd2 Re8 13.Ba3 Nb8 14.Nf1 h5 15.h3 Na6 16.d5
c5 17.Bb2 h4 18.Nh2 Nc7 19.Ng4 Nd7 20.Qc2 f5 21.Nh2 Bh6 22.Nd1 Ne5 23.f4 
exf3 24.Nxf3 Nxf3+ 25.Bxf3 Qe7 1/2-1/2

[Event "N4 Rodez-Albi"]
[Site "Rodez"]
[Date "2006.12.03"]
[Round "6"]
[White "De Biasi, Robert"]
[Black "Eb-Levadoux, Ivan"]
[Result "0-1"]
[WhiteElo "1849"]
[BlackElo "1920"]
[EventDate "2006.??.??"]
[PlyCount "82"]

1.c4 Nf6 2.Nc3 e5 3.g3 Bc5 4.Bg2 c6 5.e3 d5 6.cxd5 cxd5 7.d4 exd4 8.exd4 
Bb6 9.Nge2 O-O 10.O-O Nc6 11.a3 h6 12.Na4 Bg4 13.Nxb6 Qxb6 14.f3 Bf5 15.
Kh1 Rfe8 16.Re1 Nxd4 17.Nxd4 Rxe1+ 18.Qxe1 Qxd4 19.Bd2 Re8 20.Qc1 Re2 21.
Bc3 Qb6 22.Qd1 Qf2 23.Qg1 Nd7 24.Bd4 Qxg1+ 25.Kxg1 Ne5 26.Bxe5 Rxe5 27.f4 
Re2 28.Bxd5 Rxb2 29.Re1 Kf8 30.Rc1 Be6 31.Bxe6 fxe6 32.Rc7 a6 33.a4 a5 34.
Rc3 Ke7 35.h4 Kf6 36.Re3 b6 37.Re5 Rb4 38.Kf2 Rxa4 39.Rb5 Rb4 40.Rxb4 axb4
41.Ke2 Kf5 0-1

[Event "N4 Rodez-Albi"]
[Site "Rodez"]
[Date "2006.12.03"]
[Round "6"]
[White "De Baralle, Michel"]
[Black "Nghiem, Paul Olivier"]
[Result "0-1"]
[WhiteElo "1510"]
[BlackElo "1199"]
[EventDate "2006.??.??"]
[PlyCount "64"]

1.d4 g6 2.c4 Bg7 3.Nc3 Nf6 4.e4 d6 5.Be2 O-O 6.Bg5 c5 7.d5 e6 8.Qd2 exd5 
9.exd5 Re8 10.O-O-O Qc7 11.f3 Bd7 12.h4 a6 13.h5 b5 14.cxb5 axb5 15.hxg6 
fxg6 16.Bxf6 Bxf6 17.Ne4 Bg7 18.Kb1 Bf5 19.Bd3 c4 20.Bc2 Qa7 21.a3 b4 22.
Qxb4 Nd7 23.g4 Reb8 24.Qxd6 Rxb2+ 25.Kc1 Qe3+ 26.Rd2 Bxe4 27.Qe6+ Kh8 28.
Qxe4 Rxa3 29.Rxh7+ Kxh7 30.Qxg6+ Kg8 31.Qh7+ Kf8 32.Qf5+ Bf6 0-1

[Event "N4 Rodez-Albi"]
[Site "Rodez"]
[Date "2006.12.03"]
[Round "6"]
[White "Daourbekov, Said"]
[Black "Cremers, Bertrand"]
[Result "1-0"]
[WhiteElo "1780"]
[BlackElo "1510"]
[EventDate "2006.??.??"]
[PlyCount "67"]

1.e4 e5 2.Nf3 Nc6 3.Bc4 Bc5 4.a3 a5 5.d3 Nf6 6.Bg5 d6 7.Nc3 h6 8.Bh4 g5 9.
Bg3 Nh5 10.Nxe5 Nxg3 11.Bxf7+ Kf8 12.Ng6+ Kg7 13.hxg3 Bxf2+ 14.Kxf2 Qf6+ 
15.Qf3 Qxf3+ 16.gxf3 Rh7 17.Be8 Nd4 18.Ne7 Kf8 19.Ncd5 Ne6 20.Bg6 Rh8 21.
Bf5 a4 22.Ng6+ Kg8 23.Nxh8 Kxh8 24.Rxh6+ Kg7 25.Rah1 Nf8 26.Nxc7 Rb8 27.
Ne6+ Bxe6 28.Bxe6 Ng6 29.Rh7+ Kf6 30.Bf5 d5 31.R1h6 Rg8 32.Rxg6+ Rxg6 33.
Bxg6 Kxg6 34.Rxb7 1-0

[Event "N4 Rodez-Albi"]
[Site "Rodez"]
[Date "2006.12.03"]
[Round "6"]
[White "Besset, Thierry"]
[Black "Gipouloux, Laurent"]
[Result "1-0"]
[WhiteElo "1830"]
[BlackElo "1810"]
[EventDate "2006.??.??"]
[PlyCount "48"]

1.e4 e5 2.Nf3 Nc6 3.d4 exd4 4.Bc4 Bb4+ 5.c3 dxc3 6.Nxc3 Qe7 7.O-O Bxc3 8.
bxc3 d6 9.Qb3 Nf6 10.e5 dxe5 11.Ba3 Na5 12.Qb5+ Qd7 13.Qxa5 b6 14.Qxe5+ 
Kd8 15.Rad1 Re8 16.Rxd7+ Bxd7 17.Qd4 c5 18.Qd6 Ne4 19.Qd3 Kc7 20.Bxf7 Re7 
21.Bd5 Rd8 22.Bxe4 Bb5 23.Qxb5 Rxe4 24.Qa6 Re2 1-0

[Event "N4 EVT-Loures Barousse"]
[Site "Loures Barousse"]
[Date "2006.12.03"]
[Round "6"]
[White "Saunders, Mark"]
[Black "Taïeb, Marcel"]
[Result "1-0"]
[WhiteElo "1699"]
[BlackElo "1670"]
[EventDate "2006.??.??"]
[PlyCount "83"]

1.e4 e6 2.d4 d5 3.Nc3 Bb4 4.Ne2 dxe4 5.a3 Bxc3+ 6.Nxc3 Nf6 7.Bg5 h6 8.Bxf6
Qxf6 9.Nxe4 Qh4 10.Qf3 O-O 11.g3 Qe7 12.O-O-O Nd7 13.Bd3 Rd8 14.Rhg1 Nf8 
15.Qe3 b6 16.h4 f5 17.Nc3 Qf6 18.Bc4 Bd7 19.g4 f4 20.Qe4 Qxh4 21.Qxf4 Qg5 
22.Qxg5 hxg5 23.Ne4 Nh7 24.f3 Rf8 25.Rdf1 Rf4 26.d5 Re8 27.Rh1 exd5 28.
Bxd5+ Be6 29.Bc6 Ref8 30.Rxh7 Rxe4 31.Bxe4 Bd5 32.Rhh1 Be6 33.Rd1 Kf7 34.
Rd2 Ke7 35.Rh7 Kf6 36.Rdh2 b5 37.Rh8 Rf7 38.Re8 Bd7 39.Rd8 Be6 40.Bd5 Ke7 
41.Bxe6 Kxe6 42.Re2+ 1-0

[Event "N4 EVT-Loures Barousse"]
[Site "Loures Barousse"]
[Date "2006.12.03"]
[Round "6"]
[White "Saubiette, Cyrille"]
[Black "Ribou, Jacques"]
[Result "1/2-1/2"]
[WhiteElo "1730"]
[BlackElo "1850"]
[EventDate "2006.??.??"]
[PlyCount "53"]

1.d4 d5 2.Nf3 Nf6 3.Bg5 e6 4.e3 c5 5.c3 h6 6.Bh4 c4 7.Nbd2 Be7 8.Ne5 O-O 
9.Be2 Nbd7 10.Ndf3 Ne4 11.Bxe7 Qxe7 12.O-O g6 13.Qc2 Nxe5 14.Nxe5 Bd7 15.
Bxc4 Nxc3 16.bxc3 dxc4 17.Rfb1 b5 18.a4 a6 19.Rb4 Rfb8 20.Nxd7 Qxd7 21.
Rab1 Rb7 22.Qe4 Qd5 23.Qxd5 exd5 24.Kf1 Rab8 25.Ke2 f5 26.Kf3 Kf7 27.g3 
1/2-1/2

[Event "N4 EVT-Loures Barousse"]
[Site "Loures Barousse"]
[Date "2006.12.03"]
[Round "6"]
[White "Oriot, Patrice"]
[Black "Arioli, Claude"]
[Result "1/2-1/2"]
[WhiteElo "2150"]
[BlackElo "2010"]
[EventDate "2006.??.??"]
[PlyCount "87"]

1.e4 e6 2.d4 d5 3.e5 c5 4.Nf3 Qb6 5.Bd3 Nc6 6.O-O cxd4 7.a3 a5 8.Re1 Nh6 
9.b3 Nf5 10.Ng5 h6 11.Nf3 Bc5 12.Nbd2 Bd7 13.Nf1 Qd8 14.Bxf5 exf5 15.Bb2 
Qb6 16.Qd3 O-O 17.Ng3 g6 18.Rad1 Rae8 19.Bc1 Kg7 20.Bb2 Re7 21.Ne2 Nxe5 
22.Nxe5 Rxe5 23.Nxd4 Rxe1+ 24.Rxe1 f6 25.h4 h5 26.a4 Kf7 27.Re2 Re8 28.
Rxe8 Kxe8 29.Qe3+ Kf7 30.Qf4 Bxa4 31.Nxf5 gxf5 32.Qxa4 Bxf2+ 33.Kf1 Ke7 
    ( 33...Qe3 $19 )
34.Qf4 Be3 35.Ba3+ 
    ( 35.Qxf5 $11 )
35...Ke6 36.Qa4 Qa6+ 
    ( 36...Qc6 $19 )
37.c4 dxc4 38.Qe8+ Kd5 39.Qxe3 cxb3+ 40.Kg1 Qc4 41.Qf3+ Ke6 42.Qe3+ Kd5 
43.Qf3+ Ke6 44.Qe3+ 1/2-1/2

[Event "N4 EVT-Loures Barousse"]
[Site "Loures Barousse"]
[Date "2006.12.03"]
[Round "6"]
[White "Garcia Del Prado, Bruno"]
[Black "Condeminas, Christian"]
[Result "0-1"]
[WhiteElo "1760"]
[BlackElo "1740"]
[EventDate "2006.??.??"]
[PlyCount "102"]

1.e4 e6 2.d4 d5 3.Nc3 Bb4 4.e5 c5 5.Bd2 a6 6.Nf3 Nc6 7.Ne2 Bxd2+ 8.Qxd2 
Nge7 9.dxc5 Qc7 10.b4 Nxe5 11.Nxe5 Qxe5 12.Qd4 Qg5 13.Qf4 Qg6 14.Nd4 O-O 
15.Bd3 Qxg2 16.O-O-O Qh3 17.Rdg1 Ng6 18.Qg3 Qh6+ 19.Qg5 Qxg5+ 20.Rxg5 f6 
21.Rh5 e5 22.Nb3 e4 23.Bf1 Nf4 24.Rh4 g5 25.Rg1 Kh8 26.Rh6 Kg7 27.Rh4 Ng6 
28.Rh5 h6 29.Bh3 Nf4 30.Bxc8 Raxc8 31.Rh4 Ne2+ 32.Kd1 Nxg1 33.Rg4 Nf3 34.
h3 f5 35.Rg2 Kf6 36.a4 h5 37.b5 axb5 38.axb5 g4 39.hxg4 fxg4 40.c3 Kg5 41.
Nd4 Nxd4 42.cxd4 h4 43.Ke2 Rf3 44.Rg1 Rd3 45.Rd1 Rxd1 46.Kxd1 Kf4 47.Ke1 
Kf3 48.Kf1 e3 49.c6 bxc6 50.b6 Ra8 51.Kg1 g3 0-1

[Event "N4 EVT-Loures Barousse"]
[Site "Loures Barousse"]
[Date "2006.12.03"]
[Round "6"]
[White "Cordier, Michel"]
[Black "Chevauche, Alain"]
[Result "1/2-1/2"]
[WhiteElo "1580"]
[BlackElo "1660"]
[EventDate "2006.??.??"]
[PlyCount "113"]

1.Nf3 Nf6 2.c4 c5 3.g3 Nc6 4.Bg2 e6 5.d3 Be7 6.O-O O-O 7.Nc3 Rb8 8.Bf4 d6 
9.b3 a6 10.Bd2 Bd7 11.e3 e5 12.Nd5 b5 13.Qc2 bxc4 14.bxc4 Nxd5 15.cxd5 Nb4
16.Bxb4 Rxb4 17.e4 Qa5 18.Rfb1 Rfb8 19.Rxb4 Rxb4 20.Qd2 Bg4 21.Qe1 Bxf3 
22.Bxf3 Qa3 23.Be2 Rb2 24.Qc1 Qb4 25.Bf1 Qd2 26.Qxd2 Rxd2 27.a4 Rb2 28.Kg2
a5 29.Kf3 Bg5 30.h3 Bd2 31.h4 Bc3 32.Ra3 Bd4 33.Be2 Rb4 
    ( 33...h5 $19 {Zug zugzwang} )
34.Ra2 Rb3 35.Kg2 f6 36.g4 g5 37.h5 Kg7 38.Bf1 h6 39.Be2 Kf7 40.Bf1 Ke7 
41.Be2 Kd7 42.Bf1 Kc7 43.Be2 Kb6 44.Bf1 c4 45.dxc4 Kc5 46.Be2 Kb4 47.Bd1 
Rb2 48.Rxb2+ Bxb2 49.f3 Bd4 50.Kf1 Kxc4 51.Be2+ Kc3 52.Bb5 Kd2 53.Kg2 Ke3 
54.Bc4 Bb6 55.Bb5 Kf4 56.Bd7 Bd8 57.Bf5 1/2-1/2

[Event "N4 EVT-Loures Barousse"]
[Site "Loures Barousse"]
[Date "2006.12.03"]
[Round "6"]
[White "Cesbron, Guy"]
[Black "Pfeifer, Andréas"]
[Result "0-1"]
[WhiteElo "2128"]
[BlackElo "2145"]
[EventDate "2006.??.??"]
[PlyCount "96"]

1.e4 e6 2.d4 d5 3.Nd2 Be7 4.c3 c5 5.e5 Nc6 6.Ngf3 f6 7.exf6 Nxf6 8.Bd3 O-O
9.O-O Qb6 10.dxc5 Bxc5 11.Qe2 e5 12.b4 Bd6 13.b5 Na5 14.Bc2 Bd7 15.a4 Rac8
16.Nxe5 Rxc3 17.Nxd7 Nxd7 18.Nf3 Qc7 19.Qe6+ Kh8 20.Bxh7 Rcxf3 21.gxf3 
Kxh7 22.Qh3+ Kg8 23.Qe6+ Rf7 24.Bb2 Bxh2+ 25.Kg2 Nc4 26.Rac1 Qd6 27.Qh3 
Bf4 28.Rh1 Bh6 29.Bd4 Nde5 30.Bxe5 Nxe5 31.Rc8+ Kh7 32.Re8 Qg6+ 33.Qg3 
Qxg3+ 34.Kxg3 Rxf3+ 35.Kg2 Rf5 36.Re7 b6 37.Rxa7 Nc4 38.Rd7 Kg6 39.Rd1 Bd2
40.Rc7 Be3 41.Rc6+ Kg5 42.f3 Bc5 43.Kg3 d4 44.Rf1 Rd5 45.f4+ Kf5 46.Rh1 d3
47.Rh5+ Ke4 48.Rxd5 Kxd5 0-1